000 00666nam a22002177a 4500
003 DO-SdBNP
005 20240228090831.0
007 ta
008 210903b 2018 dr 00| 0 eng d
020 _a9789945603453
040 _aDO-SdBNP
_bspa
_cBNPHU
100 1 _aCeara-Hatton, Miguel
_91685
245 1 3 _aLa informalidad en la República Dominicana, 1991-2014 /
_cMiguel Ceara Hatton
260 _aSanto Domingo :
_bPUCMM,
_c2018.
300 _a297 p. ;
_c23 cm.
500 _aIncluye referencias bibliográficas y notas al pie de las páginas
504 _aBibliografías : p. 281-285
590 _aInventariado, 2021/BT
910 _aBtavarez
942 _2ddc
_cLBS1
999 _c50399
_d50399